| 000 | 02301nam a2200337 4500 | ||
|---|---|---|---|
| 001 | 59554 | ||
| 003 | CO-BoRNBP | ||
| 005 | 20251022193307.0 | ||
| 007 | ta | ||
| 008 | 250126s2024 ck ao||er|||| 00| 0 spa d | ||
| 020 | _a9789585022102 | ||
| 040 |
_aCO-BoRNBP _bspa _erda _cCO-BoRNBP |
||
| 041 | 0 | _aspa | |
| 043 | _as-ck--- | ||
| 082 | 0 | 4 |
_a986.106 _bB17g _223 |
| 100 |
_aBastidas Urresty, Édgar _d1944- _eaut _965947 |
||
| 245 | 1 | 3 |
_aLa guerra de los mil días en la historia de Colombia / _cÉdgar Bastidas Urresty. |
| 250 | _aEdición especial | ||
| 264 | 1 |
_aBogotá, Colombia : _bGrupo Editorial Ibáñez, _c2024 |
|
| 300 |
_a324 páginas : _bilustraciones, fotografías en blanco y negro |
||
| 336 |
_atexto _btxt _2rdacontenido |
||
| 337 |
_asin mediación _bn _2rdamedio |
||
| 338 |
_avolumen _bnc _2rdasoporte |
||
| 504 | _aIncluye referencias bibliográficas | ||
| 520 | _aSeñalo las causas que motivaron esta guerra, sus actores, en qué circunstancias trascurrió, los vencedores y vencidos, los males que causó, las lecciones que dejó en la historia del país, en la vida de los colombianos. La parte final del libro, está dedicada a la guerra de los Mil días en el sur de Colombia, en lo que hoy es el departamento de Nariño, las razones y circunstancias de la participación en ella del Ecuador por razones políticas, ya que Eloy Alfaro, presidente liberal radical ecuatoriano prestó ayuda económica y militar a los liberales revolucionarios colombianos. La fortaleza del gobierno conservador colombiano, sustentada en el ejército nacional, el apoyo que recibió de la iglesia católica, le permitió ganar la guerra, con relativa facilidad, a pesar de la dura resistencia liberal, especialmente en Santander, el oriente y el sur colombiano. La excesiva prolongación de la guerra por tres años, obligó a las partes a buscar la paz, sobre todo al liberalismo, que ya no estaba en condiciones de prolongarla. Una lección que habría de aprender el liberalismo para futuras confrontaciones | ||
| 650 | 0 | 7 |
_aBatalla de Palonegro, 1900 _y1900 _2LEMB _965948 |
| 650 | 0 | 7 |
_aBatalla de Peralonso, 1899 _y1899 _2LEMB _965949 |
| 650 | 0 | 7 |
_aGuerra civil _zColombia _2lemb _965950 |
| 650 | 0 | 7 |
_aGuerra de los mil dias, 1899 -- 1903 _xHistoria _zColombia _2lemb _965951 |
| 942 |
_2ddc _cBK _n0 |
||
| 999 |
_c59554 _d59554 |
||